000 00654nam a22002417a 4500
003 UA-OsUOA
001 118679
007 ta
008 20160913b un ||||| |||| 00| 0 ukr d
100 _aБонгдар В.
090 _a821.161.2
_bБ81
942 _cBK
040 _aUA-OsUOA
_bukr
_cUA-OsUOA
_dUA-OsUOA
245 _aКамінь від хандри
_bкнига прози
300 _a384 с.
955 _a3
041 _aukr
080 _a821.161.2
020 _a978-617-605-027-8
260 _aК.
_bЯрославів Вал
_c2013
650 7 _a82 Література. Літературознавство
_2UDC
999 _c404761
_d404761